| 000 | 00500cam a2200205ua 4500 | ||
|---|---|---|---|
| 020 | _c16.00 | ||
| 041 |
_aeng _h |
||
| 082 |
_a581 _bLOW/TE |
||
| 100 | _aLowson, J M . | ||
| 245 |
_aText book of botany / _cJ M Lowson. _hTextual Documents |
||
| 250 |
_a11 / _b. |
||
| 260 |
_aNew York : _bUniversities Tutorials Press Ltd. , _c1963. |
||
| 300 | _a678 ; . | ||
| 365 | _a16.00 | ||
| 504 | _a | ||
| 700 | 1 | _aBirbal, Sahni . | |
| 942 | _cBK | ||
| 999 |
_c9820 _d9820 |
||